Statistiques concernant Complétez les paroles de France Gall

Cliquez ici pour prendre le quiz!

Statistiques générales

  • Ce quiz a été pris 377 fois
  • Le résultat moyen est 5 sur 12

Statistiques - réponses

ParolesMots manquants% Correct
Il jouait du piano debout, c'est peut-être un détail pour vous mais pour moi __ ____ ____ ________ça veut dire beaucoup
98%
Qui a eu cette idée folle un jour _ ________ _ _____d'inventer l'école
84%
Je suis une poupée de cire, une poupée de son, mon cœur est _____ ____ ___ ________gravé dans mes chansons
51%
Laisse tomber les filles, laisse tomber les filles, un jour c'est ___ __ __ ________toi qu'on laissera
49%
Tape sur des tonneaux, sur des pianos, sur tout ce que Dieu peut te ______ _____ ___ _____mettre entre les mains
46%
Évidemment on rit encore pour des bêtises, comme des enfants, mais ___ _____ _____pas comme avant
46%
Tous mes amis sont partis, mon cœur a déménagé, mes vacances _ ___ ________ _____c'est toujours Paris
36%
Quand je suis seule et que je peux rêver, je rêve que je ____ ____ ___ ____suis dans tes bras
35%
Si tu réalises que l'amour n'est pas là, que le soir tu te couches sans _____ ____ __ ___aucun rêve en toi
34%
Diego, libre dans sa tête, derrière sa fenêtre _ ______ ____ ____s'endort peut-être
26%
J'ai ton cœur qui tape, qui cogne dans mon corps __ ____ __ ____et dans ma tête
9%
Le monde tient à un fil, moi je tiens à mon rêve : rester maître du temps __ ___ ___________et des ordinateurs
9%

Distribution des résultats

Percentile par nombre de réponses

% des personnes avec chaque résultat

Votre développement - résultats

Vous n’avez pas pris ce quiz